000 00350nam a2200145Ia 4500
008 100122s9999 xx 000 0 und d
082 _b20232
_a823
100 _aRAY S R
245 _aREMEMBER THE HOUSE
260 _bVICTOR GOLLANCZ LTD
_c1956
300 _a256
630 _aREMEMBER THE HOUSE
730 _aREMEMBER THE HOUSE
942 _cBOOK
999 _c366278
_d366275